| 000 | 01065nam a22003257a 4500 | ||
|---|---|---|---|
| 003 | CHAP | ||
| 005 | 20220329141240.0 | ||
| 008 | 971010s1985 es a r 00010 spa d | ||
| 010 | _a65125 | ||
| 011 | _a66097 | ||
| 020 | _a8471141523 | ||
| 035 | _a74012 | ||
| 040 | _cCHAP | ||
| 082 | 1 | 0 |
_a634.8 _bH53 1985 |
| 100 | 0 | 0 |
_aHidalgo, Luis. _955213 |
| 245 | 1 | 0 |
_aPoda de la vid _c/por Luis Hidalgo |
| 250 | _a3 ed. rev. y aum. | ||
| 260 |
_aMadrid : _bMundi-Prensa, _c1985 |
||
| 300 |
_a222 p. _b: ilus. |
||
| 590 |
_aBATCH-UPD _b10 _c20130110 _lUCH01 _h1724 |
||
| 590 |
_aCONVERSION _b10 _c20130109 _lUCH01 _h1335 |
||
| 650 | 1 | 4 |
_aUva. _9117117 |
| 650 | 1 | 4 |
_aVid _xPoda. _9119133 |
| 901 | _aBK | ||
| 942 | _cLIBRO | ||
| 949 |
_a634.8 H53 1985 _bBC _cLIBRO _d33724000210845 _eLIBRO _fc.2 _gI.c/e _h85209 _i74012 _si |
||
| 949 |
_a634.8 H53 1985 _bBC _cLIBRO _d33724000210852 _eLIBRO _gI.c/e _h85208 _i74012 _si _t82.00 |
||
| 949 |
_a634.8 H53 1985 _bBC _cLIBRO _d33724002243835 _eLIBRO _fc.3 _gDonaciØn _h115294 _i74012 _si |
||
| 949 |
_bBC _cLIBRO _dD_27015 _eLIBRO _fc.3 _h74993 _i74012 _st |
||
| 999 |
_c65125 _d65125 |
||